[Event "GRENKE Chess Classic-> 2018"]
[Site "?"]
[Date "2018.04.02"]
[Round "3.1"]
[White "Bluebaum, Matthias"]
[Black "Carlsen, Magnus"]
[Result "1/2-1/2"]
[WhiteElo "2631"]
[BlackElo "2843"]
[PlyCount "119"]
[EventDate "2018.??.??"]
[WhiteClock "0:29:28"]
[BlackClock "1:23:11"]

1. d4 Nf6 2. c4 g6 3. Nc3 Bg7 4. e4 d6 5. Nf3 O-O 6. Be2 e5 7. Be3 exd4 8. Nxd4
Re8 9. f3 c6 10. Bf2 (10. Qd2 d5 11. exd5 cxd5 12. O-O Nc6 (12... dxc4 13. Rad1
a6 14. Bxc4 b5 15. Bb3 Bb7 16. Qf2 Nbd7 {Gligoric,S-Fischer,R Stockholm 1962})
13. c5 Rxe3 $5 14. Qxe3 Qf8 15. Nxc6 (15. Ncb5 Qxc5 16. Rac1 Qb6 17. Qf2 Bd7
18. Rfd1 Re8 19. Bf1 Bh6 {Gelfand,B (2665)-Kasparov,G (2780) Linares 1992})
15... bxc6 16. Kh1 Rb8 17. Na4 Rb4 18. b3 Be6 19. Nb2 Nh5 20. Nd3 Rh4 21. Qf2
Qe7 22. g4 Bd4 23. Qxd4 Rxh2+ 24. Kxh2 Qh4+ {½-½ Karpov,A (2730)-Kasparov,G 
(2800) Lyon/New York 1990}) 10... d5 11. exd5 cxd5 12. O-O Nc6 13. c5 a6 (13...
Bf8 14. Kh1 Bd7 15. Qd2 Rc8 16. Nb3 d4 17. Nxd4 Bxc5 18. Nxc6 Rxc6 19. Bxc5
Rxc5 {Inarkiev,E (2732)-Radjabov,T (2722) Monzon 2016}) (13... Re5 14. a3 Qf8
15. b4 Bd7 16. Nxc6 bxc6 17. Bd4 Re6 18. Bd3 Nh5 {Carlsen,M (2835)-Grischuk,A 
(2761) Moscow RUS 2012}) 14. Qd2 Qa5 15. Rfe1 $146 (15. Nb3 Qb4 16. Rfd1 Bf5
17. Bf1 Rac8 18. Rac1 Be6 19. Qc2 Bh6 {Taras,I (2239)-Lloveras Rebell,J (2200)
corr. 2006}) 15... Qxc5 16. Ne6 Qa5 17. Nxg7 Kxg7 18. a3 d4 19. Bxd4 Nxd4 20.
Qxd4 Rd8 21. Qe3 Bd7 22. Rad1 Be6 23. Rxd8 Rxd8 24. Rd1 Rxd1+ 25. Bxd1 Qd8 26.
Be2 Qd6 27. f4 Bd7 28. Bf3 Bc6 29. Bxc6 Ng4 30. Qg3 Qc5+ 31. Kf1 Ne3+ 32. Ke2
Nf5 33. Qf2 Qxc6 34. g4 Qc4+ 35. Kd2 Nd4 36. Qe3 Nc6 37. Ne2 h5 38. h3 hxg4 39.
hxg4 g5 40. fxg5 Qxg4 41. Qc3+ Kg8 42. Qf6 Qg2 43. Ke3 Qh3+ 44. Kd2 Qd7+ 45.
Kc2 Ne7 46. Nc3 Ng6 47. b4 Nf8 48. Qe5 Qe6 49. Qxe6 Nxe6 50. Ne4 Kg7 51. a4 b6
52. Kc3 Kg6 53. Kc4 Nxg5 54. Nd6 f5 55. Nxf5 Kxf5 56. Kd5 Nf3 57. Kc6 b5 58.
axb5 Nd4+ 59. Kc5 Nxb5 60. Kb6 1/2-1/2

[Event "GRENKE Chess Classic-> 2018"]
[Site "?"]
[Date "2018.04.02"]
[Round "3.2"]
[White "Hou, Yifan"]
[Black "Vachier-Lagrave, Maxime"]
[Result "0-1"]
[WhiteElo "2654"]
[BlackElo "2789"]
[PlyCount "92"]
[EventDate "2018.??.??"]
[WhiteClock "0:51:24"]
[BlackClock "1:34:09"]

1. Nf3 c5 2. c4 Nf6 3. g3 g6 4. b3 Bg7 5. Bb2 b6 6. Bg2 Bb7 7. O-O O-O 8. d4
cxd4 9. Qxd4 Nc6 10. Qc3 Qc7 $146 (10... Rc8 11. Rd1 Qc7 12. Qe1 $1 {was more
pleasant for White in Aronian,L (2780)-Vachier Lagrave,M (2783) Leuven 2017})
11. Rd1 Rad8 12. Na3 a6 13. Rac1 Rfe8 14. Qe1 Qb8 (14... e5 $5 15. Nb5 (15. e4
Qb8 (15... Nd4 16. Nxd4 exd4 17. f3)) 15... axb5 16. cxb5 e4 17. Ne5 Rxe5 18.
Bxe5 Qxe5 19. bxc6 {MVL} Bc8 $5) 15. Nc2 b5 16. c5 d5 17. cxd6 Rxd6 18. Rxd6
Qxd6 19. Nfd4 ({After} 19. Ne5 Nd5 20. Nxf7 Kxf7 21. Bxg7 Kxg7 22. Rd1 {
Black has to play} Ne5 23. e4 Rc8 {and it's equal.}) 19... Nd5 20. Ba3 Qd7 21.
Nxc6 Bxc6 22. e4 ({MVL expected} 22. Ne3 e6 {and thought it was equal but he,
with commentators Jan Gustafsson and Peter Leko, were surprised that the
computer likes White after} 23. Qa5) 22... Nc7 23. Nb4 Bb7 24. Rd1 Qc8 25. Qe3
a5 26. Nd3 (26. Nd5 {MVL}) 26... b4 27. Bb2 Bxb2 28. Nxb2 Nb5 29. Nc4 Nc3 30.
Rd2 Rd8 31. Nxa5 Rxd2 32. Qxd2 Ba6 33. Bf1 $2 {"Loses on the spot." (MVL)} ({
White has to play} 33. Bf3 $1 Nxa2 34. Kg2 $1 {to hold.}) 33... Bxf1 34. Kxf1
Qa8 $1 {A winning double attack.} 35. Nc4 Qxe4 36. Kg1 (36. Qd8+ Kg7 37. Kg1
Ne2+ 38. Kf1 Nd4 39. Kg1 Nf3+ 40. Kf1 Nxh2+ 41. Kg1 Nf3+ 42. Kf1 Nd4 43. Kg1 e5
{is also completely over.}) 36... Ne2+ 37. Kf1 Nd4 38. f3 Qxf3+ 39. Qf2 Qh1+
40. Qg1 Qe4 41. Qf2 f6 42. Ne3 Kf7 43. h4 Qh1+ 44. Qg1 Qxg1+ 45. Kxg1 Ne2+ 46.
Kf2 Nc3 0-1

[Event "GRENKE Chess Classic-> 2018"]
[Site "?"]
[Date "2018.04.02"]
[Round "3.3"]
[White "Anand, Viswanathan"]
[Black "Aronian, Levon"]
[Result "1/2-1/2"]
[WhiteElo "2776"]
[BlackElo "2794"]
[PlyCount "62"]
[EventDate "2018.??.??"]
[WhiteClock "0:56:53"]
[BlackClock "0:36:13"]

1. e4 e5 2. Nf3 Nc6 3. Bb5 Nf6 4. d3 Bc5 5. c3 O-O 6. O-O Re8 (6... d5 7. Nbd2
dxe4 8. dxe4 Qe7 9. Qc2 Nb8 10. b4 Bd6 11. a3 Bg4 {Anand,V (2776)-Harikrishna,
P (2731) chess.com INT 2018}) 7. Bg5 Be7 8. Re1 $146 (8. Nbd2 h6 9. Bh4 d6 10.
a4 a6 11. Bc4 Be6 12. Bxe6 fxe6 13. b4 Qd7 {Ter Sahakyan,S (2581)-Petrosyan,M 
(2546) Skopje 2017}) 8... d6 9. d4 Bd7 10. d5 Nb8 11. Bxf6 Bxf6 12. a4 Be7 13.
Na3 Rf8 14. Bxd7 Nxd7 15. Nc4 Kh8 16. b4 g6 17. a5 a6 18. Ncd2 f5 19. h3 Bg5
20. c4 Bh6 21. Nb1 fxe4 22. Rxe4 Nf6 23. Re1 Qd7 24. Nc3 Rf7 25. Ne4 Nxe4 26.
Rxe4 Raf8 27. Ra3 Rf4 28. Rae3 R4f6 29. Rc3 Rf4 30. Rce3 R4f6 31. Rc3 Rf4
1/2-1/2

[Event "GRENKE Chess Classic-> 2018"]
[Site "?"]
[Date "2018.04.02"]
[Round "3.4"]
[White "Naiditsch, Arkadij"]
[Black "Vitiugov, Nikita"]
[Result "1/2-1/2"]
[WhiteElo "2701"]
[BlackElo "2735"]
[PlyCount "86"]
[EventDate "2018.??.??"]
[WhiteClock "0:57:29"]
[BlackClock "0:40:48"]

1. e4 e5 2. Nf3 Nc6 3. Bb5 a6 4. Ba4 Nf6 5. d3 Bc5 6. c3 d6 (6... b5 7. Bb3 d6
8. Nbd2 O-O 9. Nf1 d5 10. exd5 Nxd5 11. Ng3 f6 {Caruana,F (2799)-So,W (2788)
London 2017}) 7. Bg5 Ba7 8. Nbd2 h6 $146 (8... O-O 9. O-O Bg4 10. h3 Bh5 11.
Re1 Qe7 12. Nf1 Nd8 13. Ne3 Bxe3 14. fxe3 h6 {Brcar,A (1940)-Tomazini,Z (2170)
Slovenia 2010}) 9. Bh4 Bd7 10. Nf1 g5 11. Bg3 Ne7 12. Ne3 Ng6 13. Nf5 Ne7 14.
Ne3 Ng6 15. Bb3 Qe7 16. Qc2 O-O-O 17. O-O-O Nf4 18. Rhe1 N4h5 19. Nd2 Nxg3 20.
hxg3 Ng4 21. Ndf1 Nxe3 22. Nxe3 Bxe3+ 23. Rxe3 h5 24. d4 h4 25. Ba4 Bxa4 26.
Qxa4 hxg3 27. Rxg3 Rh4 28. Re3 Rdh8 29. dxe5 Qxe5 30. Qd4 Qxd4 31. cxd4 Rf4 32.
Rd2 Rh1+ 33. Kc2 Rf1 34. Ree2 Kd7 35. Kd3 c6 36. Ke3 d5 37. exd5 cxd5 38. f3
Rf6 39. Kd3 Re6 40. Rc2 Rd1+ 41. Red2 Ree1 42. Rxd1 Rxd1+ 43. Rd2 Re1 1/2-1/2

[Event "GRENKE Chess Classic-> 2018"]
[Site "?"]
[Date "2018.04.02"]
[Round "3.5"]
[White "Meier, Georg"]
[Black "Caruana, Fabiano"]
[Result "0-1"]
[WhiteElo "2648"]
[BlackElo "2784"]
[Annotator "Bojkov, Dejan"]
[PlyCount "78"]
[EventDate "2018.??.??"]
[WhiteClock "0:01:28"]
[BlackClock "0:02:19"]

1. e4 e5 2. Nf3 Nc6 3. Bb5 a6 4. Bxc6 {Meier understands and plays endgames
well. For this reason the Exchange Ruy Lopez has always been part of his
repertoire.} dxc6 5. O-O Qf6 {A very fighting move.} 6. d4 exd4 7. Bg5 Qd6 8.
Nxd4 Be7 9. Be3 ({Black did not expect any real problems after:} 9. Bxe7 Nxe7
10. Nc3 Bd7 11. Nb3 O-O-O 12. Qf3 Ng6 13. Qe3 Kb8 14. Nc5 Bc8 15. Rad1 Qf4 16.
Qxf4 Nxf4 17. f3 b6 {Solak,D (2626)-Eljanov,P (2720) Heraklio 2017}) 9... Nh6
10. Qd2 g5 $146 {"I prepared this idea four years ago for Arkadij [Naiditsch].
" (Caruana)} ({Apparently, Caruana has built his preparation on account of the
following game:} 10... Qg6 11. f3 Bd7 12. Nc3 O-O-O 13. Qf2 f6 14. Nce2 {
Naiditsch,A (2724)-Maiorov,N (2548) Bastia 2013}) 11. Nf3 ({According to
Caruana critical are the moves:} 11. h3) ({Or} 11. f3 f5 {"with a mess" 
(Caruana)}) 11... Rg8 12. h4 {Meier tries to make use of the shaky knight on
h6. But now his king gets opened and Caruana became "very ambitious."} ({
"Logical is"} 12. Qxd6 cxd6 13. Nc3 {"with equality" (Caruana)}) 12... Qg6 ({
Objectively better was perhaps:} 12... f6 {to which Meier intended} 13. e5 fxe5
14. Bxg5 {when} Bg4 $1 {is an important resource for Black, with unclear game
after} 15. Nxe5 Bxg5 16. hxg5 O-O-O) 13. hxg5 Ng4 14. Nc3 $5 {Wastes a move.} (
{Black expected the immediate} 14. Bf4 h6 15. Bxc7 hxg5 ({Instead} 15... Be6 {
was planned (Caruana), which might transpose into the game.}) 16. Nd4 Rh8 $6 ({
Or} 16... Qh7 17. f3 Nf6 18. Nc3 {which also looks good for White.}) 17. f3 {
and Black did not like that his knight has to step on h2 now. If} Nf6 18. Nc3 {
looks good for White.}) 14... h6 15. Bf4 ({"I spent a lot of time on"} 15. Rad1
{"before realizing that"} Be6 $1 {"is very strong" (Meier)} ({He was hoping
for:} 15... hxg5 16. Bc5 $1)) 15... Be6 {Caruana liked the idea to exclude the
white bishop from the game.} ({He did not like the straightforward attack} 
15... hxg5 16. Bxc7 Rh8 17. Ne2 Qh6 18. Ng3 Nh2 19. Rfd1 Nxf3+ 20. gxf3 {
as he could not find anything decisive. Still, Black's position is quite
decent after} Be6 21. b3 (21. Qc3) 21... Bc5 $1) 16. Bxc7 Rc8 ({Worse is} 16...
hxg5 17. Nd4 $1) 17. Bb6 ({Good for Black is} 17. Bd6 Rd8 18. e5 hxg5 {
(Caruana)}) ({While} 17. Bg3 {takes away the important square from the white
knight-} hxg5 18. Ne2 Rh8 $1) 17... hxg5 18. Ne2 c5 ({"I was dreaming for"} 
18... Qxe4 19. Rfe1 {(Meier), when it is clear which king is weaker.}) 19. Ng3
(19. Ba5 $5 {to escape from the danger zone was interesting as well.}) 19...
Rh8 20. Rfd1 ({Better was to centralize both the rooks with} 20. Rfe1 f6 21.
Rad1 Kf7 {and now for instance} 22. Qa5 $1 ({Rather than} 22. Qc3 Rc6 {
(Caruana)})) 20... Qh6 ({On} 20... f6 {"White suddenly get counter-play with"}
21. b4 $1 cxb4 (21... Qh6 $1) ({Or} 21... Qh7 $1 {are better with some
advantage for Black.}) 22. Nd4 Bc4 23. Ndf5 {(Caruana). Indeed, it is White
who is attacking now.}) 21. b4 {In the coming time-trouble Meier sacrificed
the pawn in order to free his bishop. This was not needed though.} ({Instead} 
21. b3 Bf6 ({Or} 21... f6 22. Ba5 Kf7 23. Bc3 {would lead to approximately
levelled situation.})) 21... cxb4 22. Bd4 f6 23. c3 bxc3 {In order to play it
safe in time-trouble, Caruana loses control.} ({Caruana spotted too late the
winning line} 23... Nh2 24. Nxg5 Nf1 $3 25. Kxf1 Bc4+ 26. Ke1 Qh1+ 27. Nxh1
Rxh1#) ({Also good for him was another line that he was checking during the
game:} 23... Bd6 24. e5 Bxe5 25. Bxe5 Nxe5 26. Nxe5 Qh2+ 27. Kf1 fxe5 28. Qxg5
Bc4+ 29. Ke1 Qg1+ 30. Kd2 Qxf2+ 31. Kc1 {Now} Be6 ({However, the simple} 31...
Qf4+ 32. Qxf4 exf4 33. Ne4 Ke7 {leaves Blak excellent winning chances.}) 32.
Ne4 {"is messing things up" (Caruana)}) 24. Bxc3 Kf7 25. Rac1 Rc4 ({Here} 25...
Nh2 {is not that clear after} 26. Nxg5+ $1 fxg5 27. Bxh8 Rxh8 28. Rc7 Ng4 29.
Qd6 Qf6 {(Caruana)}) 26. Bd4 ({Missing} 26. Bb2 $1 b5 27. Rxc4 {when} Bxc4 {
is met with} ({Caruana planned the sad} 27... bxc4 {instead, but then the
bishop is deprived of the c4 square and cannot bother the enemy king any more.}
) 28. Qd7 Nh2 ({Or} 28... Be6 29. Qc7 $1) 29. Qxe7+ $1 {(Caruana)}) 26... b5
27. Qa5 {"A losing move." (Caruana)} ({Instead} 27. Rxc4 {was correct and after
} Bxc4 {White does not need to go for} 28. e5 ({But might choose instead} 28.
Qc3) ({Or} 28. Rc1) 28... Nh2 29. Nxg5+ fxg5 30. e6+ Kg8 31. Bxh8 Ng4 {
(Caruana) when Black seems on top again.}) 27... Nh2 28. Qxa6 {This is the
really losing move.} (28. Ne1 $1 {was White's last hope.}) 28... Nxf3+ (28...
g4 $1 {(Caruana) would had also won. Say} 29. Ng5+ (29. Ne1 Rxc1 30. Rxc1)
29... fxg5 30. Bxh8 Nf3+ 31. gxf3 gxf3 {with mate after Qh6-h3-g2.}) 29. gxf3
g4 {Caruana was not very happy with the finish of the game and felt that there
was something better.} ({There is indeed:} 29... Qh2+ 30. Kf1 Rhc8 $1 {leads
to mate after} 31. Rb1 Rxd4 32. Rxd4 Rc2) 30. f4 $1 Qxf4 31. Rxc4 bxc4 ({Since
} 31... Bxc4 32. Be3 Qf3 33. Rd7 Be6 34. Rxe7+ $1 {leads only to a draw after}
Kxe7 35. Qb7+ Kf8 36. Bc5+ Kg8 37. Qe7 Qd1+ 38. Kg2 Qf3+) 32. Be3 ({In
time-trouble White missed the strong} 32. Qa5 {although it is questionable if
he survives after} Qf3 33. Rd2 Kg6) 32... Qf3 33. Rd6 Rh3 $1 {Calculating
everything till the end. The attack is unstoppable-} 34. Rxe6 Rxg3+ 35. fxg3
Qxe3+ 36. Kh2 (36. Kf1 Qf3+ 37. Kg1 (37. Ke1 Bb4#) 37... Bc5+ 38. Kh2 Qf2+ 39.
Kh1 Qg1#) 36... Qf2+ 37. Kh1 Qf1+ 38. Kh2 Qh3+ 39. Kg1 Bc5# 0-1

[Event "GRENKE Chess Classic 2018"]
[Site "Karlsruhe/Baden Baden GER"]
[Date "2018.04.04"]
[Round "4.1"]
[White "Vitiugov, Nikita"]
[Black "Anand, Viswanathan"]
[Result "1/2-1/2"]
[WhiteTitle "GM"]
[BlackTitle "GM"]
[WhiteElo "2735"]
[BlackElo "2776"]
[WhiteFideId "4152956"]
[BlackFideId "5000017"]
[EventDate "2018.03.31"]

1. e4 c6 2. d4 d5 3. e5 c5 4. dxc5 e6 5. Nf3 Bxc5 6. Bd3 Ne7 7. O-O Ng6 8. a3
O-O 9. Nbd2 Nc6 10. b4 Bb6 11. Bb2 Nf4 12. Nb3 a5 13. Qd2 Nxd3 14. cxd3 d4 15.
bxa5 Bxa5 16. Nxa5 Rxa5 17. Nxd4 Nxe5 18. Rfe1 Rd5 19. Rxe5 Rxe5 20. Nc6 bxc6
21. Bxe5 f6 22. Bc3 c5 23. d4 cxd4 24. Qxd4 Qxd4 25. Bxd4 Rd8 26. Bb6 Rd6 27.
Bc5 Rd5 28. Be3 Bd7 29. h3 Ba4 30. Rc1 Rd1+ 31. Rxd1 Bxd1 32. f3 e5 33. h4 h5
34. Kf2 Kf7 35. Ke1 Ba4 36. Kf2 Bd1 37. Ke1 Ba4 38. Kf2 1/2-1/2

[Event "GRENKE Chess Classic 2018"]
[Site "Karlsruhe/Baden Baden GER"]
[Date "2018.04.04"]
[Round "4.2"]
[White "Caruana, Fabiano"]
[Black "Naiditsch, Arkadij"]
[Result "1-0"]
[WhiteTitle "GM"]
[BlackTitle "GM"]
[WhiteElo "2784"]
[BlackElo "2701"]
[WhiteFideId "2020009"]
[BlackFideId "4650891"]
[EventDate "2018.03.31"]

1. e4 e5 2. Nf3 Nc6 3. Bb5 Nf6 4. d3 d6 5. O-O Bd7 6. Re1 Be7 7. c3 O-O 8. h3
Re8 9. a4 Bf8 10. Bg5 h6 11. Bh4 g5 12. Bg3 Ne7 13. Bxd7 Qxd7 14. Nbd2 Ng6 15.
Nc4 Rad8 16. Ne3 d5 17. exd5 Bg7 18. d4 exd4 19. cxd4 Nxd5 20. Nxd5 Rxe1+ 21.
Qxe1 Qxd5 22. Bxc7 Rc8 23. Rc1 Bxd4 24. Qd2 Qd7 25. Nxd4 Rxc7 26. Rxc7 Qxc7 27.
Nf5 Kh7 28. g3 Ne5 29. Qe3 Nc4 30. Qc3 Qe5 31. Qd3 Nxb2 32. Qc2 Qe1+ 33. Kg2 Qd1
34. Qe4 Qxa4 35. Qxb7 Qa2 36. Ne3 Kg7 37. Qb4 Qb1 38. g4 Kg8 39. Nf5 Qc2 40.
Qb8+ Kh7 41. Qb7 Kh8 42. Qe7 1-0

[Event "GRENKE Chess Classic 2018"]
[Site "Karlsruhe/Baden Baden GER"]
[Date "2018.04.04"]
[Round "4.3"]
[White "Carlsen, Magnus"]
[Black "Vachier-Lagrave, Maxime"]
[Result "1/2-1/2"]
[WhiteTitle "GM"]
[BlackTitle "GM"]
[WhiteElo "2843"]
[BlackElo "2789"]
[WhiteFideId "1503014"]
[BlackFideId "623539"]
[EventDate "2018.03.31"]

1. Nf3 c5 2. c4 Nc6 3. Nc3 e5 4. e3 Nf6 5. d4 e4 6. d5 exf3 7. dxc6 fxg2 8.
cxd7+ Bxd7 9. Bxg2 g6 10. b3 Bg7 11. Qd6 Qb6 12. Qxb6 axb6 13. Bb2 Bc6 14. O-O
Ke7 15. Nd5+ Bxd5 16. cxd5 Rhg8 17. d6+ Kxd6 18. Rad1+ Ke7 19. Be5 Rgd8 20. Bxb7
Rxd1 21. Rxd1 Rd8 22. Rxd8 Kxd8 23. Kf1 Ne8 24. Bg3 Kd7 25. a4 f5 26. f3 Ke6 27.
Bc8+ Kd5 28. Bb7+ Ke6 29. Bc6 Nd6 30. Bf2 Be5 31. h4 f4 32. exf4 Bxf4 33. a5
bxa5 34. Bxc5 Nf5 35. Bb6 Bd2 36. Bd8 Nd4 37. Ba4 Kd6 38. Kg2 Ne6 39. Bb6 Nc5
40. Bxc5+ Kxc5 1/2-1/2

[Event "GRENKE Chess Classic 2018"]
[Site "Karlsruhe/Baden Baden GER"]
[Date "2018.04.04"]
[Round "4.4"]
[White "Aronian, Levon"]
[Black "Hou, Yifan"]
[Result "1/2-1/2"]
[WhiteTitle "GM"]
[BlackTitle "GM"]
[WhiteElo "2794"]
[BlackElo "2654"]
[WhiteFideId "13300474"]
[BlackFideId "8602980"]
[EventDate "2018.03.31"]

1. c4 e6 2. g3 Nf6 3. Bg2 d5 4. Nf3 Be7 5. O-O O-O 6. d4 dxc4 7. Qc2 a6 8. a4 c5
9. dxc5 Bxc5 10. Qxc4 b6 11. Ne5 Ra7 12. Nd3 Be7 13. Bf4 Bb7 14. Bxb7 Rxb7 15.
Rc1 Nd5 16. Bxb8 b5 17. axb5 axb5 18. Qb3 Qxb8 19. Nd2 Rc8 20. Nf3 g6 21. Nd4
Rxc1+ 22. Rxc1 Bf6 23. Nc6 Qa8 24. Ncb4 Nxb4 25. Qxb4 Kg7 26. Qe4 Qa7 27. Qc6
Rb6 28. Qc5 Be7 29. Qe3 Qb7 30. Ne5 Ra6 31. h3 Bf6 32. Kh2 h5 33. Nd3 Ra8 34.
Qc5 Ra4 35. b3 Ra2 36. Rc2 Ra1 37. Rc1 Ra2 38. Rc2 Ra1 39. Rc1 Ra2 1/2-1/2

[Event "GRENKE Chess Classic 2018"]
[Site "Karlsruhe/Baden Baden GER"]
[Date "2018.04.04"]
[Round "4.5"]
[White "Bluebaum, Matthias"]
[Black "Meier, Georg"]
[Result "1/2-1/2"]
[WhiteTitle "GM"]
[BlackTitle "GM"]
[WhiteElo "2631"]
[BlackElo "2648"]
[WhiteFideId "24651516"]
[BlackFideId "4675789"]
[EventDate "2018.03.31"]

1. d4 Nf6 2. c4 e6 3. g3 Bb4+ 4. Bd2 Bxd2+ 5. Qxd2 d5 6. Bg2 c6 7. Nf3 Nbd7 8.
O-O b6 9. Ne5 Bb7 10. Nc3 O-O 11. Rac1 Qe7 12. Nxd7 Qxd7 13. b3 Ba6 14. cxd5
cxd5 15. Qb2 Qe7 16. Rc2 Rac8 17. Rfc1 h6 18. Nb1 Rfd8 19. Rxc8 Rxc8 20. Rxc8+
Bxc8 21. Bf1 Ba6 22. e3 Bxf1 23. Kxf1 Ne4 24. Nd2 Nd6 25. Qc2 Qd7 26. a4 f6 27.
Nf3 Kf7 28. Kg2 Qc8 29. Qxc8 Nxc8 30. Nd2 Ne7 31. Kf3 Nc6 32. Ke2 e5 33. dxe5
fxe5 34. e4 Ke6 35. Kd3 g5 36. exd5+ Kxd5 37. Nc4 h5 38. Ne3+ Ke6 39. Ke4 Nd4
40. b4 g4 41. Nd5 Nf3 42. Nc7+ Kd7 43. Nd5 Ke6 44. Nc7+ Kd7 1/2-1/2

[Event "GRENKE Chess Classic 2018"]
[Site "Karlsruhe/Baden Baden GER"]
[Date "2018.04.05"]
[Round "5.1"]
[White "Hou, Yifan"]
[Black "Vitiugov, Nikita"]
[Result "1/2-1/2"]
[WhiteTitle "GM"]
[BlackTitle "GM"]
[WhiteElo "2654"]
[BlackElo "2735"]
[WhiteFideId "8602980"]
[BlackFideId "4152956"]
[EventDate "2018.03.31"]

1. e4 e5 2. Nf3 Nc6 3. Bb5 a6 4. Ba4 Nf6 5. O-O Be7 6. Re1 b5 7. Bb3 d6 8. c3
O-O 9. h3 Re8 10. d4 Bb7 11. Nbd2 Bf8 12. d5 Nb8 13. Nf1 Nbd7 14. N3h2 c6 15.
dxc6 Bxc6 16. Bg5 Qc7 17. Ng3 a5 18. Bxf6 Nxf6 19. Ng4 Nxg4 20. hxg4 a4 21. Bd5
Bxd5 22. Qxd5 a3 23. bxa3 Rxa3 24. Rab1 Qc4 25. Qxb5 Qxb5 26. Rxb5 Rxa2 27. Nf5
Rc2 28. Ne3 Rxc3 29. Ra1 Rcc8 30. Rb7 Rb8 31. Raa7 Rxb7 32. Rxb7 h6 33. Nd5 Ra8
34. Kh2 g6 35. f3 Kg7 36. Nc7 Rc8 37. Nd5 Ra8 38. Nc7 Rc8 39. Nd5 1/2-1/2

[Event "GRENKE Chess Classic 2018"]
[Site "Karlsruhe/Baden Baden GER"]
[Date "2018.04.05"]
[Round "5.2"]
[White "Vachier-Lagrave, Maxime"]
[Black "Aronian, Levon"]
[Result "1/2-1/2"]
[WhiteTitle "GM"]
[BlackTitle "GM"]
[WhiteElo "2789"]
[BlackElo "2794"]
[WhiteFideId "623539"]
[BlackFideId "13300474"]
[EventDate "2018.03.31"]

1. e4 e5 2. Nf3 Nc6 3. Bb5 a6 4. Ba4 Nf6 5. O-O Be7 6. Re1 b5 7. Bb3 O-O 8. a4
b4 9. a5 d6 10. d3 Be6 11. Bxe6 fxe6 12. h3 Qb8 13. c3 Qb5 14. c4 Qb7 15. Nbd2
Nd7 16. Nb3 Nd8 17. d4 exd4 18. Nbxd4 c5 19. Nxe6 Nxe6 20. Qd5 Qxd5 21. exd5
Rxf3 22. gxf3 Ne5 23. Rxe5 dxe5 24. dxe6 Rd8 25. Be3 g5 26. Kf1 Kg7 27. Ke2 Kf6
28. Rd1 Rxd1 29. Kxd1 Kxe6 30. Kc2 Kf5 31. Kd3 Bd6 32. b3 Be7 33. Bc1 Bd6 34.
Be3 Be7 35. Bc1 Bd6 36. Be3 1/2-1/2

[Event "GRENKE Chess Classic 2018"]
[Site "Karlsruhe/Baden Baden GER"]
[Date "2018.04.05"]
[Round "5.3"]
[White "Anand, Viswanathan"]
[Black "Caruana, Fabiano"]
[Result "1/2-1/2"]
[WhiteTitle "GM"]
[BlackTitle "GM"]
[WhiteElo "2776"]
[BlackElo "2784"]
[WhiteFideId "5000017"]
[BlackFideId "2020009"]
[EventDate "2018.03.31"]

1. e4 c6 2. d4 d5 3. e5 Bf5 4. Nd2 e6 5. Nb3 Nd7 6. Nf3 c5 7. dxc5 a6 8. Be3 Ne7
9. Be2 Be4 10. Ng5 Nxe5 11. Nxe4 dxe4 12. c3 Nf5 13. Bd4 Nc6 14. O-O Be7 15. Bc4
O-O 16. Re1 b5 17. cxb6 Ncxd4 18. b7 Rb8 19. cxd4 a5 20. d5 e5 21. d6 Nxd6 22.
Bd5 Nxb7 23. Rxe4 Bf6 24. Rc1 Qd7 25. Bc6 Qxd1+ 26. Rxd1 Rfc8 27. Bxb7 Rxb7 28.
Ra4 h6 29. Rxa5 Rc2 30. Rb1 e4 31. Ra4 Re7 32. Re1 Rxb2 33. Kf1 Rc7 34. Raxe4
Rxa2 35. R4e2 Rxe2 36. Rxe2 Re7 37. Rxe7 Bxe7 38. Nc1 h5 39. h3 g6 40. g4 hxg4
41. hxg4 1/2-1/2

[Event "GRENKE Chess Classic 2018"]
[Site "Karlsruhe/Baden Baden GER"]
[Date "2018.04.05"]
[Round "5.4"]
[White "Meier, Georg"]
[Black "Carlsen, Magnus"]
[Result "1/2-1/2"]
[WhiteTitle "GM"]
[BlackTitle "GM"]
[WhiteElo "2648"]
[BlackElo "2843"]
[WhiteFideId "4675789"]
[BlackFideId "1503014"]
[EventDate "2018.03.31"]

1. d4 Nf6 2. c4 e6 3. Nf3 d5 4. g3 Bb4+ 5. Bd2 Be7 6. Bg2 O-O 7. O-O Nbd7 8. Qc2
c6 9. Bf4 Ne4 10. h4 Ndf6 11. Nbd2 Nxd2 12. Nxd2 Nh5 13. Be3 f5 14. Bf3 Qe8 15.
Bg5 Nf6 16. e3 b6 17. Rac1 Ba6 18. a3 Ne4 19. Bxe7 Qxe7 20. Be2 Bb7 21. b4 Rac8
22. c5 e5 23. dxe5 Qxe5 24. Nxe4 fxe4 25. Qc3 Qf5 26. a4 g5 27. hxg5 Qxg5 28.
Kg2 Rc7 29. Rh1 Rg7 30. Rcg1 Qf5 31. Rf1 Ba6 32. b5 cxb5 33. Rh5 Qf7 34. Qe5 Bb7
35. cxb6 bxa4 36. bxa7 Ba8 37. Rg5 Qxa7 38. Bg4 Kh8 39. Ra1 Qe7 40. Qxg7+ Qxg7
41. Rxg7 Kxg7 42. Rxa4 Bc6 43. Rb4 1/2-1/2